000 00542nam a2200157 4500
008 170325b xxu||||| |||| 00| 0 eng d
022 _a01153544
082 _aDPer 338.05 En86 Apr-Jul 2015 v. 15, n. 158-161
100 _919540
_aCalpo, KC
245 _aWatch and learn:
_bhow giving online seminars can work for you/
_cKC Calpo.
260 _aPhilippines:
_bSummit Media,
_cApr-Jul 2015.
300 _av15 n160, page 47:
_billustrations,
_c28 cm.
500 _aEntrepreneur.
650 0 _919541
_aBusiness
_xSeminars
942 _2ddc
_cPER
999 _c6458
_d6458